Transmisin̤ de bienes culturales y resolucin̤ extrajudicial de conflictos

Detalles Bibliográficos
Autor principal: Domn̕guez Přez, Eva Mara̕
Formato: eBook
Lenguaje:español
Publicado: Madrid: Dykinson, 2021
Materias:
Acceso en línea:Acceso restringido

MARC

LEADER 00000nam a22000007a 4500
005 20210819220358.0
007 cr|||| ||||
008 210819s2021 es |||||s|||| 00||0 spa d
020 |a 978-84-1377-602-6 
035 |a 35127 
040 |a vLex 
090 |c 12075  |d 12075 
100 1 |a Domn̕guez Přez, Eva Mara̕ 
245 1 0 |a Transmisin̤ de bienes culturales y resolucin̤ extrajudicial de conflictos  |h [Recurso electrn̤ico] /  |c Eva Mara̕ Domn̕guez Přez 
256 |a Servicio en ln̕ea 
260 |a Madrid:  |b Dykinson,  |c 2021 
300 |a 1 recurso electrn̤ico 
506 1 |a Disponible solo en los productos indicados  |d vLex Global  |d vLex Global (Academic Edition, excluding Law Schools)  |d vLex Global (U.S. Academic Edition, Law Schools)  |d vLex Global (U.S. Academic Edition, excluding Law Schools)  |d vLex Global (Academic Edition, Law Schools) 
650 0 4 |a Derecho Procesal  |z Espaą 
740 0 |a vLex Libros (Servicio en ln̕ea) 
856 4 0 |u https://app.vlex.com/#/sources/35127  |z Acceso restringido 
942 |c BOOK 
999 0 |a Procedural law